00698nam a2200193Ia 4500003000900000008004100009040001300050040001300063041000800076100001700084245008900101250001800190260001300208260000900221300001100230300001000241490000600251600024700257IT-RoPAU120407s9999 xx 000 0 und d aIT-RoPAU cIT-RoPAU aita aPio Fedrizzi a"Bibbia. Vecchio Testamento. Giobbe (in italiano) Giobbe. A cura di p.Pio Fedrizzi." aTorino - Roma aMarietti c1972 a286 p. c25 cm v1 aLa Sacra Bibbia. Traduzione italiana dai testi originali illustrata con note critiche e commentata a cura di mons. Salvatore Garofalo. Antico Testamento sotto la direzione di p. Giovanni Rinaldiā€ I - Fedrizzi, Pio II - Tit. 223 BNI 73-3279